000 00865nam a2200301 a 4500
999 _c6106
_d6106
001 6106
003 BD-JhCC
005 20220616134023.0
008 070515s2007 nyu b 001 0 eng
020 _a0195314522 (cloth)
020 _a0195314530 (pbk.)
035 _a(BD-JhCC)6106
040 _aDLC
_cDLC
_dUkOxU
_dBD-JhCC
041 _aeng
050 0 0 _aRA790
_b.B83 2007
082 0 0 _a158
_222
_bBUT 2007
100 1 _aButler, Gillian,
_d1942-
245 1 0 _aManaging your mind :
_bthe mental fitness guide /
_cGillian Butler, Tony Hope.
246 3 _aManage your mind :
_bthe mental fitness guide
250 _a2nd ed.
260 _aNew York :
_bOxford University Press,
_c2007.
263 _a0701
300 _aix, 534 p. ;
_c21 cm.
650 0 _aMental health
650 0 _aSelf-management (Psychology)
700 1 _aHope, R. A.
942 _2ddc
_cBK
_05